Leyes de propiedad intelectual : Nicaragua

Bibliographic Details
Main Author: Guatemala. Secretaria de integración económica Centroamérica
Format: Section = Libro
Language:Undetermined
Spanish
Published: Guatemala SIECA 2011
Subjects:
LEADER 00522nam a2200181Ia 4500
008 240830s9999 xx 000 0 und d
040 |a B-ESTELÍ- RUACS / 346.048 N583 
041 |a spa 
082 |a 346.048 N583 
100 1 |a Guatemala. Secretaria de integración económica Centroamérica 
245 1 0 |a Leyes de propiedad intelectual : Nicaragua 
260 |a Guatemala  |b SIECA  |c 2011 
300 |a 387 p 
650 7 |a NICARAGUA 
650 7 |b  LEYES DE PROPIEDAD INTELECTUAL 
942 |c BK  |2 ddc 
991 |a TEXTO 
999 |c 10807